| 000 | 00641nam a22001577a 4500 | ||
|---|---|---|---|
| 003 | OSt | ||
| 005 | 20150917140453.0 | ||
| 008 | 150917b xxu||||| |||| 00| 0 eng d | ||
| 040 | _cRUA | ||
| 082 | _aAGR SEN 2000 B026 Or.1 | ||
| 100 |
_9677 _aSENG SOPHAK |
||
| 245 | _aTraditional practices of agroforestry in svay teap district, svay rieng province ការអនុវត្តន៏កសិរុក្ខកម្មបែបប្រពៃណីនៅក្នុងស្រុកស្វាយទៀប ខេត្តស្វាយរៀង | ||
| 260 |
_aPhnom Penh _bRUA _c2000 |
||
| 300 |
_a43p. _bill. _c29cm. |
||
| 942 |
_2ddc _cAGR |
||
| 999 |
_c652 _d652 |
||